000 00780nam a2200229Ia 4500
003 GCL
008 140319s9999 xx 000 0 ara d
040 _aGCL /
_cGCL
082 0 4 _a709
_bا م
100 1 _aامال حليم الصراف
245 1 0 _aموجز فى تاريخ الفن /
_cامال حليم الصراف
250 _aالاولى
260 _aسوريا :
_bمكتبة المجتمع العربى للنشر والتوزيع ،
_c2004
300 _a194 ص ؛
_c24 سم
650 0 4 _aالفن المصرى القديم
650 0 4 _aالفن الرومانى
650 0 4 _aالفن القديم
650 0 4 _aالفن المسيحى
650 0 4 _aالفن الاسلامى
650 0 4 _aالفن - تاريخ - عصرالنهضة
942 _2ddc
_cBK
999 _c34784
_d34784